000 00508nam a2200145Ia 4500
008 231129s1996||||xx |||||||||||||| ||spa||
020 _a84-283-2348-8
040 _bspa
082 _a621.381 C124m
100 _aCadinot Hervé
245 0 _aMontajes electrónicos para Ví­deo: Dominar y descubrir el ví­deo la televisión en color la toma de euroconector.... con 24 montajes de fácil realización
260 _c1996
264 _aParaninfo
942 _2ddc
_cBKS
999 _c21387
_d21387